000
00285nam a22001217a 4500
040
_c
SY
082
_a
338
100
_a
នាង សុឃន
245
_a
ប្រព័ន្ធកសិកម្មចំរុះ
260
_a
RUA
_b
នាង
_c
2011
300
_a
56p.
942
_c
KB
999
_c
9557
_d
9557